| 000 | 00604nam a2200241Ia 4500 | ||
|---|---|---|---|
| 005 | 20250425160916.0 | ||
| 008 | 250425s9999 xx 000 0 und d | ||
| 041 | _aeng | ||
| 043 | _axxu | ||
| 082 | _a621.3028 | ||
| 100 | _aSTAGG, GLENN W. | ||
| 245 | 0 | _aCOMPUTER METHODS IN POWER SYSTEM ANALYSIS | |
| 250 | _aS.E. | ||
| 260 |
_aEstados Unidos _bMcGRAW-HILL _c1968 |
||
| 260 | _aNEW YORK | ||
| 300 | _a427 | ||
| 650 | _aALGORITMO COMPUTACIONAL | ||
| 650 | _aMATRICES (MATEMATICAS) | ||
| 650 | _aMETODOS COMPUTACIONALES | ||
| 700 | _aEL-ABIAD, AHMED H. | ||
| 942 | _c01 | ||
| 010 | _a8093 | ||
| 999 |
_c198625 _d198625 |
||